Libro de buen amor
Saved in:
| Main Authors: | , |
|---|---|
| Format: | Bog |
| Sprog: | spansk |
| Udgivet: |
Santiago
Ercilla
1984
|
| Serier: | Los Mejores Libros de la Literatura Española, 12
|
| Fag: | |
| Tags: |
Tilføj Tag
Ingen Tags, Vær først til at tagge denne postø!
|
MARC
| LEADER | 00000cam a2200000 a 4500 | ||
|---|---|---|---|
| 001 | UCT2733 | ||
| 003 | CL-VaPUC | ||
| 008 | 961011e19840000CL |||||||||||||||||spa|d | ||
| 082 | 0 | 4 | |a 861 |b RUI |2 21 |
| 100 | 0 | |a Ruiz, Juan |e author |9 321708 | |
| 700 | 0 | |a Arcipreste de Hita |e author |9 371740 | |
| 245 | 1 | 0 | |a Libro de buen amor |
| 300 | |a 252 p | ||
| 942 | |c BK | ||
| 945 | |d 19961011 00:00:00 |a rbrito | ||
| 260 | |a Santiago |b Ercilla |c 1984 | ||
| 650 | 0 | |a Poesías españolas |9 265100 | |
| 583 | |a last modification |c 20130801 05:07:37 |k Rodrigo Vera | ||
| 490 | 0 | |a Los Mejores Libros de la Literatura Española, 12 | |
| 999 | |c 252710 |d 252708 | ||
| 952 | |0 0 |1 0 |4 0 |6 861_000000000000000_RUI_1984 |7 0 |8 A |9 272755 |a BIBEDU |b BIBEDU |d 2019-11-19 |i 3239977 |l 1 |m 1 |o 861 RUI 1984 |p 3239977 |r 2022-10-18 |s 2022-10-04 |w 2019-11-19 |y BK |k LIT | ||